Les finale de coupes européennes des clubs français - Statistiques

Statistiques générales
  • Ce quiz a été pris 150 fois
    40 depuis la dernière actualisation
  • Le résultat moyen est 6 sur 7
Statistiques - réponses
Club % Correct
Olympique de Marseille
100%
Paris Saint-Germain
100%
AS Monaco
95%
AS Saint-Étienne
95%
Stade de Reims
95%
Girondins de Bordeaux
90%
SC Bastia
54%
Aucun quiz correspondant
Distribution des résultats
% des personnes avec chaque résultat
Percentile par nombre de réponses
Votre historique - résultats
Vous n’avez pas pris ce quiz depuis la dernière actualisation